000 00560nam a2200205Ia 4500
001 12627
003 GE_BSU
008 181216s||||||||xx |||||||||||||| ||und||
040 _cGE_BSU
100 _aМашинский,Л.О.
245 _aОзеленение городов
245 _cПод общ.ред.С.И.Вавилов
260 _aМосква
260 _bИзд-во АНСССР
260 _c1951
300 _a254стр.илл.
300 _eПриложение с.242
653 _aОзеленение городов
942 _cBK
999 _c45799
_d45799